Az órák egyformán járnak
Elmentve itt :
| Szerző: | |
|---|---|
| Adatforrás: | Meister |
| Forrásdokumentuma: | A Hét. - 26 sz., 1990, 12 p. |
| Nyelv: | magyar |
| Kulcsszavak: | intézménytörténet politikai intézmények Románia-Izrael Kulturális Baráti Társaság |
| LEADER | 00432nab a2200145 i 4500 | ||
|---|---|---|---|
| 001 | bibPRO00004655 | ||
| 008 | 060524s1990 xx hun | ||
| 040 | |a Sz1 | ||
| 041 | |a hun | ||
| 100 | 1 | |a BARLADEANU Victor | |
| 245 | 1 | 3 | |a Az órák egyformán járnak |c BARLADEANU Victor |
| 695 | |a intézménytörténet | ||
| 695 | |a politikai intézmények | ||
| 695 | |a Románia-Izrael Kulturális Baráti Társaság | ||
| 773 | 0 | |t A Hét. - |g 26 sz., 1990, 12 p. | |